Cuentos tradicionales afrolimonenses.
Kaydedildi:
| Materyal Türü: | Bilinmiyor |
|---|---|
| Dil: | Spanish |
| Baskı/Yayın Bilgisi: |
San José, Costa Rica :
Editorial Ministerio de Educación Pública,
1985.
|
| Konular: | |
| Etiketler: |
Etiketle
Etiket eklenmemiş, İlk siz ekleyin!
|
MARC
| LEADER | 000000000a22000000004500 | ||
|---|---|---|---|
| 001 | 003423 | ||
| 020 | |a 99776004010 | ||
| 041 | 0 | |a spa | |
| 082 | 0 | 4 | |a CR863.08 |b C8375c |
| 245 | 0 | 0 | |a Cuentos tradicionales afrolimonenses. |
| 260 | 1 | |a San José, Costa Rica : |b Editorial Ministerio de Educación Pública, |c 1985. | |
| 300 | |a 133 páginas : |b ilustraciones | ||
| 650 | 4 | |a LITERATURA COSTARRICENSE | |
| 650 | 4 | |a CUENTO | |
| 650 | 4 | |a FROLIMONENSES | |
| 999 | |c 9648 |d 9648 | ||
| 942 | |c BK |h CR863.08 C8375c |2 z | ||
